000 00947nam a2200289Ia 4500
003 OSt
005 20221006160107.0
006 a|||||r|||| 00| 0
007 ta
008 221006b |||||||| |||| 00| 0 eng d
020 _a9780826348760
_c
_34.95
024 _a44,266
037 _bGift, KCC (Window on Korea)
_cTextual
040 _aEASL
_cEASL
_beng
041 _2eng
_aeng
082 _aV495:1973,(zM).N5, N5
100 _aCampbell John Martin
_9671870
245 0 _aSlinging the bull in Korea
_b An adventure in psychological warfare
260 _aAlbuquerque
_bUniversity of New Mexico Press
_c2010
300 _a192p.
_ccm.
490 _v KEL
650 _a Korean war- personal narratives American
_9671871
650 _a Psychological warfare- Korea
_9671872
650 _aKEL
942 _hV495:1973,(zM).N5, N5
_cTEXL
_2CC
999 _c1112358
_d1112358